Derogation from grant (Record no. 67094)

MARC details
000 -LEADER
fixed length control field 00987cam a2200193 4500
001 - CONTROL NUMBER
control field WB3720-18
008 - FIXED-LENGTH DATA ELEMENTS--GENERAL INFORMATION
fixed length control field 000000n2001 000 0 eng u
035 ## - SYSTEM CONTROL NUMBER
System control number (Sirsi) u112703
245 ## - TITLE STATEMENT
Title Derogation from grant
260 ## - PUBLICATION, DISTRIBUTION, ETC.
Date of publication, distribution, etc. 2001
490 ## - SERIES STATEMENT
Series statement Estates Gazette
Volume/sequential designation [2001] 20 EG 227 (CS)
520 ## - SUMMARY, ETC.
Summary, etc. "Platt and others v London Underground Ltd" ChD 21 February 2001. The claimants (P) brought an action after they ceased to trade from a kiosk close to the southern exit of Goodge St, on which they had taken a took a 5 year lease, claiming that the defendant (L) had breached an implied covenant not to derogate from its grant by closing off the southern exit for a large portion of the station's opening hours. Held: L was liable, but not for the full £130,000 claimed by P.
590 ## - LOCAL NOTE (RLIN)
Local note WB
650 ## - SUBJECT ADDED ENTRY--TOPICAL TERM
Topical term or geographic name entry element DEROGATION FROM GRANT
650 ## - SUBJECT ADDED ENTRY--TOPICAL TERM
Topical term or geographic name entry element IMPLIED COVENANT
650 ## - SUBJECT ADDED ENTRY--TOPICAL TERM
Topical term or geographic name entry element PLATT V LONDON UNDERGROUND LTD
690 ## - LOCAL SUBJECT ADDED ENTRY--TOPICAL TERM (OCLC, RLIN)
Topical term or geographic name as entry element LANDLORD AND TENANT-BUSINESS TENANCIES-CASE LAW
942 ## - ADDED ENTRY ELEMENTS (KOHA)
Suppress in OPAC 0
Holdings
Withdrawn status Lost status Source of classification or shelving scheme Damaged status Not for loan Home library Current library Shelving location Date acquired Total Checkouts Full call number Barcode Date last seen Copy number Price effective from Koha item type
    Dewey Decimal Classification     London London News article 22/05/2001   WB3720-18 112703-1001 06/08/2019 1 06/08/2019 Law report